[Event "Campeonato España Sub 18"]
[Site "Salobreña"]
[Date "2017.07.31"]
[Round "2"]
[White "Lianes Garcia, Marcos"]
[Black "Mari Copa, Adria"]
[Result "1/2-1/2"]
[Board "5"]
[WhiteClock "1:30"]
[WhiteTitle "FM"]
[WhiteElo "2352"]
[WhiteCountry "ESP"]
[WhiteFideId "32060777"]
[WhiteEloChange "-6"]
[BlackClock "1:30"]
[BlackElo "2103"]
[BlackCountry "ESP"]
[BlackFideId "22276122"]
[BlackEloChange "6"]

1. e4 {[%clk 1:30:00]} c5 {[%clk 1:30:00]} 2. g3 {[%clk 1:31:00]} Nc6 {[%clk
1:31:00]} 3. Bg2 {[%clk 1:31:00]} e6 {[%clk 1:31:00]} 4. Ne2 {[%clk 1:31:00]} Nf6
{[%clk 1:30:00]} 5. O-O {[%clk 1:31:00]} Be7 {[%clk 1:27:00]} 6. c3 {[%clk
1:28:00]} d5 {[%clk 1:25:00]} 7. exd5 {[%clk 1:28:00]} Nxd5 {[%clk 1:21:00]} 8.
d4 {[%clk 1:28:00]} cxd4 {[%clk 1:20:00]} 9. cxd4 {[%clk 1:28:00]} O-O {[%clk
1:15:00]} 10. Nbc3 {[%clk 1:28:00]} Nxc3 {[%clk 1:10:00]} 11. bxc3 {[%clk
1:27:00]} Na5 {[%clk 1:07:00]} 12. Rb1 {[%clk 1:13:00]} Rb8 {[%clk 1:05:00]} 13.
c4 {[%clk 0:54:00]} b6 {[%clk 0:58:00]} 14. Bf4 {[%clk 0:51:00]} Bd6 {[%clk
0:58:00]} 15. Bxd6 {[%clk 0:51:00]} Qxd6 {[%clk 0:59:00]} 16. c5 {[%clk 0:51:00]}
bxc5 {[%clk 0:57:00]} 17. dxc5 {[%clk 0:49:00]} Qc7 {[%clk 0:00:00]} 18. Rxb8
{[%clk 0:48:00]} Qxb8 {[%clk 0:56:00]} 19. Qa4 {[%clk 0:46:00]} Qc7 {[%clk
0:54:00]} 20. Rc1 {[%clk 0:45:00]} Ba6 {[%clk 0:47:00]} 21. Nd4 {[%clk 0:44:00]}
Rb8 {[%clk 0:46:00]} 22. h4 {[%clk 0:38:00]} g6 {[%clk 0:43:00]} 23. Qa3 {[%clk
0:34:00]} Rd8 {[%clk 0:41:00]} 24. Nb3 {[%clk 0:25:00]} Nxb3 {[%clk 0:41:00]} 25.
Qxb3 {[%clk 0:25:00]} Bc8 {[%clk 0:29:00]} 26. Qe3 {[%clk 0:23:00]} h5 {[%clk
0:28:00]} 27. Kh2 {[%clk 0:22:00]} Ba6 {[%clk 0:28:00]} 28. c6 {[%clk 0:17:48]}
Rd3 {[%clk 0:26:00]} 29. Qg5 {[%clk 0:16:00]} Kg7 {[%clk 0:26:00]} 30. Rc2 {[%clk
0:15:10]} Rd4 {[%clk 0:26:00]} 31. Rd2 {[%clk 0:13:18]} Rxd2 {[%clk 0:24:00]} 32.
Qxd2 {[%clk 0:13:47]} Bc8 {[%clk 0:25:00]} 33. Qc3+ {[%clk 0:12:30]} f6 {[%clk
0:20:00]} 34. Qc5 {[%clk 0:12:45]} Kf7 {[%clk 0:20:00]} 35. Qc1 {[%clk 0:12:08]}
Kg7 {[%clk 0:20:00]} 36. Qd2 {[%clk 0:12:08]} e5 {[%clk 0:18:35]} 37. Qc3 {[%clk
0:11:05]} Be6 {[%clk 0:17:50]} 38. Qb4 {[%clk 0:11:13]} Bc8 {[%clk 0:17:43]} 39.
Bd5 {[%clk 0:10:45]} Ba6 {[%clk 0:17:20]} 40. Qc5 {[%clk 0:10:12]} Bc8 {[%clk
0:17:49]} 41. Kg1 {[%clk 0:09:33]} Ba6 {[%clk 0:18:08]} 42. Qc3 {[%clk 0:08:58]}
Bc8 {[%clk 0:17:48]} 43. Qc4 {[%clk 0:09:13]} f5 {[%clk 0:17:10]} 44. Be6 {[%clk
0:07:53]} Kf6 {[%clk 0:16:55]} 45. Bxc8 {[%clk 0:07:59]} Qxc8 {[%clk 0:17:21]}
46. Qb5 {[%clk 0:08:24]} Qd8 {[%clk 0:17:08]} 47. Qa6 {[%clk 0:04:59]} Qd6 {[%clk
0:16:12]} 48. Kh2 {[%clk 0:04:24]} f4 {[%clk 0:15:14]} 49. gxf4 {[%clk 0:04:19]}
exf4 {[%clk 0:15:10]} 50. Qc4 {[%clk 0:04:16]} Ke7 {[%clk 0:12:34]} 51. c7 {[%clk
0:03:56]} f3+ {[%clk 0:13:02]} 52. Kh3 {[%clk 0:04:18]} Qd7+ {[%clk 0:12:58]} 53.
Kg3 {[%clk 0:04:42]} Qc8 {[%clk 0:12:34]} 54. Kxf3 {[%clk 0:04:56]} Kd6 {[%clk
0:12:23]} 55. Qd4+ {[%clk 0:04:45]} Kc6 {[%clk 0:12:16]} 56. Qe4+ {[%clk
0:04:58]} Kd7 {[%clk 0:11:57]} 57. Qd5+ {[%clk 0:05:15]} Ke7 {[%clk 0:12:13]} 58.
Qd8+ {[%clk 0:03:51]} Qxd8 {[%clk 0:12:34]} 59. cxd8Q+ {[%clk 0:04:21]} Kxd8
{[%clk 0:12:56]} 60. Kf4 {[%clk 0:04:47]} Ke7 {[%clk 0:11:53]} 61. Kg5 {[%clk
0:05:14]} Kf7 {[%clk 0:12:03]} 62. a4 {[%clk 0:05:34]} a5 {[%clk 0:12:30]} 63. f4
{[%clk 0:05:57]} Kg7 {[%clk 0:12:47]} 64. f5 {[%clk 0:06:14]} gxf5 {[%clk
0:13:07]} 65. Kxf5 {[%clk 0:06:46]} Kf7 {[%clk 0:12:56]} 66. Ke5 {[%clk 0:06:39]}
Kg6 {[%clk 0:12:26]} 67. Ke6 {[%clk 0:07:05]} Kg7 {[%clk 0:12:50]} 68. Kd5 {[%clk
0:04:18]} Kf6 {[%clk 0:13:12]} 69. Kc5 {[%clk 0:04:52]} Ke5 {[%clk 0:13:29]} 70.
Kb5 {[%clk 0:05:08]} Kd5 {[%clk 0:13:55]} 71. Kb6 {[%clk 0:05:18]} Kc4 {[%clk
0:13:49]} 72. Kxa5 {[%clk 0:05:45]} Kc5 {[%clk 0:14:19]} 73. Ka6 {[%clk 0:06:10]}
Kc6 {[%clk 0:14:47]} 74. a5 {[%clk 0:14:31]} Kc7 {[%clk 0:15:00]} 75. Kb5 {[%clk
0:06:48]} Kb7 {[%clk 0:15:27]} 76. Kc5 {[%clk 0:06:59]} Ka6 {[%clk 0:15:52]} 77.
Kd5 {[%clk 0:15:52]} Kxa5 {[%clk 0:16:18]} 78. Ke5 {[%clk 0:07:57]} Kb6 {[%clk
0:16:35]} 79. Kf6 {[%clk 0:08:24]} Kc7 {[%clk 0:16:58]} 80. Kg6 {[%clk 0:08:52]}
Kd7 {[%clk 0:17:21]} 81. Kxh5 {[%clk 0:09:20]} Ke8 {[%clk 0:17:31]} 82. Kg6
{[%clk 0:09:44]} Kf8 {[%clk 0:18:01]} 83. Kh7 {[%clk 0:17:56]} Kf7 {[%clk
0:10:27]} 84. h5 {[%clk 0:18:47]} Kf8 {[%clk 0:10:27]} 1/2-1/2

[Event "Campeonato España Sub 18"]
[Site "Salobreña"]
[Date "2017.07.31"]
[Round "2"]
[White "Chueca Lorente, Javier"]
[Black "Povill Claros, Xavier"]
[Result "0-1"]
[Board "6"]
[WhiteClock "n/a"]
[WhiteElo "2112"]
[WhiteCountry "ESP"]
[WhiteFideId "22216405"]
[WhiteEloChange "-4"]
[BlackClock "n/a"]
[BlackTitle "FM"]
[BlackElo "2337"]
[BlackCountry "ESP"]
[BlackFideId "32040512"]
[BlackEloChange "4"]

1. c4 {[%clk 1:30:30]} c6 {[%clk 1:30:30]} 2. e4 {[%clk 1:30:30]} d5 {[%clk
1:30:30]} 3. exd5 {[%clk 1:30:30]} cxd5 {[%clk 1:30:30]} 4. d4 {[%clk 1:30:30]}
Nf6 {[%clk 1:30:30]} 5. Nc3 {[%clk 1:30:30]} Nc6 {[%clk 1:30:30]} 6. Bg5 {[%clk
1:30:30]} Ne4 {[%clk 1:30:30]} 7. Nxe4 {[%clk 1:30:30]} dxe4 {[%clk 1:30:30]} 8.
d5 {[%clk 1:30:30]} Ne5 {[%clk 1:30:30]} 9. Qd4 {[%clk 1:30:30]} f6 {[%clk
1:30:30]} 10. Bf4 {[%clk 1:30:30]} Ng4 {[%clk 1:30:30]} 11. Qxe4 {[%clk 1:30:30]}
Qb6 {[%clk 1:30:30]} 12. Qe2 {[%clk 1:30:30]} e5 {[%clk 1:30:30]} 13. h3 {[%clk
1:30:30]} Bb4+ {[%clk 1:30:30]} 14. Bd2 {[%clk 1:30:30]} Nxf2 {[%clk 1:30:30]}
15. Qxf2 {[%clk 1:30:30]} Qxf2+ {[%clk 1:30:30]} 16. Kxf2 {[%clk 1:30:30]} Bxd2
{[%clk 1:30:30]} 17. c5 {[%clk 1:30:30]} Bd7 {[%clk 1:30:30]} 18. Nf3 {[%clk
1:30:30]} Bb4 {[%clk 1:30:30]} 19. Rc1 {[%clk 1:30:30]} Rc8 {[%clk 1:30:30]} 20.
c6 {[%clk 1:30:30]} bxc6 {[%clk 1:30:30]} 21. Ba6 {[%clk 1:30:30]} Rc7 {[%clk
1:30:30]} 22. Rc4 {[%clk 1:30:30]} Bd6 {[%clk 1:30:30]} 23. Rhc1 {[%clk 1:30:30]}
Ke7 {[%clk 1:30:30]} 24. dxc6 {[%clk 1:30:30]} Be6 {[%clk 1:30:30]} 25. Ra4
{[%clk 1:30:30]} Rb8 {[%clk 1:30:30]} 26. b3 {[%clk 1:30:30]} Bd5 {[%clk
1:30:30]} 27. Bd3 {[%clk 1:30:30]} Rb6 {[%clk 1:30:30]} 28. Bxh7 {[%clk 1:30:30]}
Rbxc6 {[%clk 1:30:30]} 29. Rxc6 {[%clk 1:30:30]} Bxc6 {[%clk 1:30:30]} 30. Rc4
{[%clk 1:30:30]} Bd5 {[%clk 1:30:30]} 31. Rxc7+ {[%clk 1:30:30]} Bxc7 {[%clk
1:30:30]} 32. Ke2 {[%clk 1:30:30]} Bb6 {[%clk 1:30:30]} 33. Kd3 {[%clk 1:30:30]}
Bf2 {[%clk 1:30:30]} 34. h4 {[%clk 1:30:30]} Ke6 {[%clk 1:30:30]} 35. Bg8+ {[%clk
1:30:30]} Kd6 {[%clk 1:30:30]} 36. Bh7 {[%clk 1:30:30]} Be6 {[%clk 1:30:30]} 37.
Ke4 {[%clk 1:30:30]} Bd5+ {[%clk 1:30:30]} 38. Kd3 {[%clk 1:30:30]} Bf7 {[%clk
1:30:30]} 39. Be4 {[%clk 1:30:30]} g6 {[%clk 1:30:30]} 40. g4 {[%clk 1:30:30]}
Bg3 {[%clk 1:30:30]} 41. b4 {[%clk 1:30:30]} Bxa2 {[%clk 1:30:30]} 42. Nd2 {[%clk
1:30:30]} Bf7 {[%clk 1:30:30]} 43. Nc4+ {[%clk 1:30:30]} Kc7 {[%clk 1:30:30]} 44.
Ne3 {[%clk 1:30:30]} Bxh4 {[%clk 1:30:30]} 45. Nd5+ {[%clk 1:30:30]} Kd7 {[%clk
1:30:30]} 46. b5 {[%clk 1:30:30]} f5 {[%clk 1:30:30]} 47. gxf5 {[%clk 1:30:30]}
Bxd5 {[%clk 1:30:30]} 48. Bxd5 {[%clk 1:30:30]} gxf5 {[%clk 1:30:30]} 49. Bb7
{[%clk 1:30:30]} Ke6 {[%clk 1:30:30]} 50. Bc8+ {[%clk 1:30:30]} Kf6 {[%clk
1:30:30]} 51. Ke3 {[%clk 1:30:30]} Kg5 {[%clk 1:30:30]} 52. Bb7 {[%clk 1:30:30]}
Kg4 {[%clk 1:30:30]} 53. Bd5 {[%clk 1:30:30]} Bd8 {[%clk 1:30:30]} 54. Kd3 {[%clk
1:30:30]} Bb6 {[%clk 1:30:30]} 55. Bc6 {[%clk 1:30:30]} e4+ {[%clk 1:30:30]} 56.
Bxe4 {[%clk 1:30:30]} fxe4+ {[%clk 1:30:30]} 57. Kxe4 {[%clk 1:30:30]} Bg1 {[%clk
1:30:30]} 0-1

[Event "Campeonato España Sub 18"]
[Site "Salobreña"]
[Date "2017.07.31"]
[Round "2"]
[White "Plazuelo Pascual, Juan"]
[Black "Ortin Blanco, Inigo"]
[Result "1/2-1/2"]
[Board "7"]
[WhiteClock "1:30"]
[WhiteTitle "FM"]
[WhiteElo "2334"]
[WhiteCountry "ESP"]
[WhiteFideId "32059566"]
[WhiteEloChange "-6"]
[BlackClock "1:30"]
[BlackElo "2090"]
[BlackCountry "ESP"]
[BlackFideId "32010125"]
[BlackEloChange "6"]

1. d4 {[%clk 1:30:00]} d5 {[%clk 1:30:00]} 2. c4 {[%clk 1:31:00]} e6 {[%clk
1:31:00]} 3. Nf3 {[%clk 1:31:00]} c6 {[%clk 1:31:00]} 4. Qc2 {[%clk 1:32:00]} Bd6
{[%clk 1:27:00]} 5. Bg5 {[%clk 1:32:00]} Ne7 {[%clk 1:17:00]} 6. e3 {[%clk
1:31:00]} h6 {[%clk 1:16:00]} 7. Bh4 {[%clk 1:30:00]} Qa5+ {[%clk 1:10:00]} 8.
Nbd2 {[%clk 1:28:00]} Nf5 {[%clk 1:10:00]} 9. Bg3 {[%clk 1:26:00]} Nxg3 {[%clk
1:10:00]} 10. hxg3 {[%clk 1:26:00]} Nd7 {[%clk 1:09:00]} 11. Be2 {[%clk 1:19:00]}
dxc4 {[%clk 0:57:00]} 12. Bxc4 {[%clk 1:13:00]} c5 {[%clk 0:52:00]} 13. O-O-O
{[%clk 0:58:00]} cxd4 {[%clk 0:43:00]} 14. Nxd4 {[%clk 0:54:00]} O-O {[%clk
0:33:00]} 15. Bb3 {[%clk 0:21:00]} Qc5 {[%clk 0:26:00]} 16. Ne4 {[%clk 0:21:00]}
Qxc2+ {[%clk 0:26:00]} 17. Kxc2 {[%clk 0:21:00]} Be5 {[%clk 0:25:00]} 18. Nxe6
{[%clk 0:18:12]} Re8 {[%clk 0:22:00]} 19. Nd4 {[%clk 0:17:04]} Nb6 {[%clk
0:20:00]} 20. Nc3 {[%clk 0:16:41]} Bg4 {[%clk 0:19:06]} 21. f3 {[%clk 0:16:12]}
Bd7 {[%clk 0:19:20]} 22. g4 {[%clk 0:16:09]} Rac8 {[%clk 0:18:13]} 23. Kb1 {[%clk
0:14:03]} Nc4 {[%clk 0:17:13]} 24. Bxc4 {[%clk 0:14:06]} Rxc4 {[%clk 0:17:32]}
25. Nde2 {[%clk 0:14:28]} Be6 {[%clk 0:13:29]} 26. Nd4 {[%clk 0:14:46]} Bd7
{[%clk 0:12:53]} 27. Nde2 {[%clk 0:14:28]} Be6 {[%clk 0:13:08]} 28. e4 {[%clk
0:14:55]} Rec8 {[%clk 0:12:33]} 29. Rc1 {[%clk 0:14:21]} a6 {[%clk 0:11:32]} 30.
Rhd1 {[%clk 0:14:21]} Rb4 {[%clk 0:10:09]} 31. a3 {[%clk 0:12:54]} Rbc4 {[%clk
0:09:31]} 32. Nd5 {[%clk 0:12:57]} Rxc1+ {[%clk 0:07:50]} 33. Nxc1 {[%clk
0:13:02]} Kf8 {[%clk 0:06:41]} 34. Nd3 {[%clk 0:10:32]} Bg3 {[%clk 0:06:59]} 35.
N3b4 {[%clk 0:09:59]} Ke8 {[%clk 0:05:44]} 36. Nc2 {[%clk 0:10:13]} Rc5 {[%clk
0:04:15]} 37. Nce3 {[%clk 0:10:07]} Bf2 {[%clk 0:03:44]} 38. Nf5 {[%clk 0:09:53]}
Bxf5 {[%clk 0:02:43]} 39. gxf5 {[%clk 0:10:18]} Bg3 {[%clk 0:02:52]} 40. Rc1
{[%clk 0:09:14]} Rxc1+ {[%clk 0:02:39]} 41. Kxc1 {[%clk 0:09:42]} Kd7 {[%clk
0:02:58]} 42. Kd2 {[%clk 0:09:42]} Be5 {[%clk 0:03:02]} 43. b3 {[%clk 0:10:02]}
Kd6 {[%clk 0:03:20]} 44. Kd3 {[%clk 0:09:34]} b5 {[%clk 0:02:53]} 45. Nb4 {[%clk
0:08:58]} a5 {[%clk 0:02:33]} 46. Nc2 {[%clk 0:09:13]} Bb2 {[%clk 0:02:29]} 47.
f4 {[%clk 0:06:48]} h5 {[%clk 0:01:45]} 48. b4 {[%clk 0:06:24]} axb4 {[%clk
0:02:03]} 49. axb4 {[%clk 0:06:50]} Bc1 {[%clk 0:02:02]} 50. g3 {[%clk 0:07:05]}
h4 {[%clk 0:02:03]} 51. gxh4 {[%clk 0:07:24]} Bxf4 {[%clk 0:02:28]} 52. Nd4
{[%clk 0:07:06]} g6 {[%clk 0:02:14]} 53. Nxb5+ {[%clk 0:06:22]} Ke5 {[%clk
0:02:38]} 54. Nd4 {[%clk 0:06:19]} Bg3 {[%clk 0:02:47]} 55. b5 {[%clk 0:05:56]}
Bf2 {[%clk 0:02:36]} 56. fxg6 {[%clk 0:02:10]} fxg6 {[%clk 0:02:38]} 57. Nf3+
{[%clk 0:05:19]} Kf4 {[%clk 0:04:47]} 58. e5 {[%clk 0:02:08]} Kf5 {[%clk
0:02:38]} 59. Kc4 {[%clk 0:04:58]} Ke6 {[%clk 0:02:50]} 60. Kb4 {[%clk 0:04:14]}
Bb6 {[%clk 0:02:40]} 61. Kc4 {[%clk 0:04:00]} Bf2 {[%clk 0:03:05]} 62. Kd3 {[%clk
0:04:28]} Kd5 {[%clk 0:03:16]} 63. Ke2 {[%clk 0:04:45]} Bb6 {[%clk 0:03:15]} 64.
Kf1 {[%clk 0:03:59]} Bd8 {[%clk 0:01:54]} 65. Kg2 {[%clk 0:04:07]} Kc5 {[%clk
0:02:01]} 66. Kg3 {[%clk 0:04:13]} Kxb5 {[%clk 0:02:19]} 67. Nd4+ {[%clk
0:04:19]} Kc4 {[%clk 0:02:20]} 68. Ne6 {[%clk 0:04:19]} Bxh4+ {[%clk 0:02:20]}
69. Kf4 {[%clk 0:04:19]} Bg3+ {[%clk 0:02:20]} 1/2-1/2

[Event "Campeonato España Sub 18"]
[Site "Salobreña"]
[Date "2017.07.31"]
[Round "2"]
[White "Guerra Arrocha, Daniel"]
[Black "Lopez Mulet, Inigo"]
[Result "0-1"]
[Board "8"]
[WhiteClock "1:30"]
[WhiteElo "2092"]
[WhiteCountry "ESP"]
[WhiteFideId "22242945"]
[WhiteEloChange "-4"]
[BlackClock "1:30"]
[BlackTitle "FM"]
[BlackElo "2327"]
[BlackCountry "ESP"]
[BlackFideId "22235620"]
[BlackEloChange "4"]

1. e4 {[%clk 1:30:00]} c5 {[%clk 1:30:00]} 2. Nf3 {[%clk 1:31:00]} e6 {[%clk
1:31:00]} 3. c3 {[%clk 1:31:00]} d5 {[%clk 1:31:00]} 4. exd5 {[%clk 1:31:00]}
Qxd5 {[%clk 1:31:00]} 5. d4 {[%clk 1:31:00]} Nf6 {[%clk 1:32:00]} 6. Nbd2 {[%clk
1:31:00]} Nc6 {[%clk 1:30:00]} 7. dxc5 {[%clk 1:31:00]} Bxc5 {[%clk 1:28:00]} 8.
Bc4 {[%clk 1:30:00]} Qh5 {[%clk 1:28:00]} 9. O-O {[%clk 1:30:00]} O-O {[%clk
1:25:00]} 10. Qe2 {[%clk 1:28:00]} b6 {[%clk 1:18:00]} 11. Nb3 {[%clk 1:16:00]}
Bd6 {[%clk 1:07:00]} 12. Rd1 {[%clk 1:15:00]} Rd8 {[%clk 1:06:00]} 13. Bg5 {[%clk
1:15:00]} Bxh2+ {[%clk 0:59:00]} 14. Nxh2 {[%clk 1:15:00]} Qxg5 {[%clk 0:59:00]}
15. Rxd8+ {[%clk 1:07:00]} Nxd8 {[%clk 0:59:00]} 16. Nf3 {[%clk 1:03:00]} Qf4
{[%clk 0:54:00]} 17. Ne5 {[%clk 0:48:00]} Bb7 {[%clk 0:51:00]} 18. f3 {[%clk
0:45:00]} Ne4 {[%clk 0:26:00]} 19. Nd3 {[%clk 0:33:00]} Qc7 {[%clk 0:27:00]} 20.
Nf2 {[%clk 0:34:00]} Ng3 {[%clk 0:26:00]} 21. Qd3 {[%clk 0:34:00]} Nc6 {[%clk
0:26:00]} 22. Qe3 {[%clk 0:31:00]} Nf5 {[%clk 0:24:00]} 23. Qe2 {[%clk 0:30:00]}
Ne5 {[%clk 0:23:00]} 24. Bd3 {[%clk 0:29:00]} Nxf3+ {[%clk 0:22:00]} 25. gxf3
{[%clk 0:29:00]} Qg3+ {[%clk 0:22:00]} 26. Kf1 {[%clk 0:29:00]} Bxf3 {[%clk
0:23:00]} 27. Qd2 {[%clk 0:29:00]} Qg2+ {[%clk 0:21:00]} 28. Ke1 {[%clk 0:29:00]}
Qg1+ {[%clk 0:21:00]} 29. Bf1 {[%clk 0:29:00]} Ng3 {[%clk 0:21:00]} 30. Qd3
{[%clk 0:27:00]} Be2 {[%clk 0:22:00]} 31. Qxe2 {[%clk 0:28:00]} Nxe2 {[%clk
0:22:00]} 32. Kxe2 {[%clk 0:28:00]} Rd8 {[%clk 0:22:00]} 33. Rd1 {[%clk 0:28:00]}
Rxd1 {[%clk 0:22:00]} 34. Nxd1 {[%clk 0:29:00]} e5 {[%clk 0:21:00]} 35. Ne3
{[%clk 0:27:00]} f5 {[%clk 0:21:00]} 36. Nd2 {[%clk 0:27:00]} e4 {[%clk 0:21:00]}
37. Ng2 {[%clk 0:27:00]} g5 {[%clk 0:21:00]} 38. b4 {[%clk 0:27:00]} h5 {[%clk
0:21:00]} 0-1

[Event "Campeonato España Sub 18"]
[Site "Salobreña"]
[Date "2017.07.31"]
[Round "2"]
[White "Domingo Nunez, Alejandro"]
[Black "Motos Abellan, Daniel"]
[Result "1-0"]
[Board "9"]
[WhiteClock "1:30"]
[WhiteTitle "FM"]
[WhiteElo "2287"]
[WhiteCountry "ESP"]
[WhiteFideId "22245561"]
[WhiteEloChange "4"]
[BlackClock "1:30"]
[BlackElo "2071"]
[BlackCountry "ESP"]
[BlackFideId "32016450"]
[BlackEloChange "-4"]

1. e4 {[%clk 1:30:00]} e6 {[%clk 1:30:00]} 2. Nf3 {[%clk 1:30:00]} d5 {[%clk
1:31:00]} 3. Nc3 {[%clk 1:31:00]} Nc6 {[%clk 1:29:00]} 4. d4 {[%clk 1:27:00]} Nf6
{[%clk 1:29:00]} 5. e5 {[%clk 1:28:00]} Ne4 {[%clk 1:30:00]} 6. Bd3 {[%clk
1:23:00]} Bb4 {[%clk 1:29:00]} 7. Bd2 {[%clk 1:23:00]} Nxd2 {[%clk 1:30:00]} 8.
Qxd2 {[%clk 1:24:00]} f5 {[%clk 1:28:00]} 9. h4 {[%clk 1:21:00]} Bd7 {[%clk
1:27:00]} 10. a3 {[%clk 1:21:00]} Ba5 {[%clk 1:24:00]} 11. b4 {[%clk 1:15:00]}
Bb6 {[%clk 1:25:00]} 12. Qf4 {[%clk 1:16:00]} Qe7 {[%clk 1:25:00]} 13. Kf1 {[%clk
1:15:00]} Nd8 {[%clk 1:24:00]} 14. Ne2 {[%clk 1:08:00]} a6 {[%clk 1:22:00]} 15.
Rh3 {[%clk 1:04:00]} Bb5 {[%clk 1:22:00]} 16. Bxb5+ {[%clk 1:01:00]} axb5 {[%clk
1:22:00]} 17. Qd2 {[%clk 0:57:00]} Nf7 {[%clk 1:22:00]} 18. Nf4 {[%clk 0:57:00]}
O-O-O {[%clk 1:16:00]} 19. Rg3 {[%clk 0:48:00]} Rhg8 {[%clk 1:14:00]} 20. Nd3
{[%clk 0:44:00]} h6 {[%clk 1:10:00]} 21. h5 {[%clk 0:39:00]} Ng5 {[%clk 1:10:00]}
22. Qf4 {[%clk 0:38:00]} g6 {[%clk 1:07:00]} 23. hxg6 {[%clk 0:32:00]} Rxg6
{[%clk 1:06:00]} 24. Qh4 {[%clk 0:31:00]} Qf7 {[%clk 1:04:00]} 25. Qh5 {[%clk
0:21:00]} Rdg8 {[%clk 0:53:00]} 26. Nf4 {[%clk 0:21:00]} R6g7 {[%clk 0:51:00]}
27. Qxf7 {[%clk 0:21:00]} Rxf7 {[%clk 0:47:00]} 28. Nxe6 {[%clk 0:21:00]} Re7
{[%clk 0:45:00]} 29. Nf4 {[%clk 0:19:14]} c6 {[%clk 0:46:00]} 30. c3 {[%clk
0:19:11]} Reg7 {[%clk 0:45:00]} 31. Nh4 {[%clk 0:17:52]} Rf8 {[%clk 0:44:00]} 32.
Ke2 {[%clk 0:13:58]} Bc7 {[%clk 0:42:00]} 33. Rh1 {[%clk 0:13:47]} Re8 {[%clk
0:43:00]} 34. Nxf5 {[%clk 0:13:18]} Rf7 {[%clk 0:42:00]} 35. Nxh6 {[%clk
0:13:01]} Bxe5 {[%clk 0:42:00]} 36. dxe5 {[%clk 0:12:54]} Rxe5+ {[%clk 0:42:00]}
37. Re3 {[%clk 0:13:21]} Rxe3+ {[%clk 0:39:00]} 38. fxe3 {[%clk 0:13:40]} Rh7
{[%clk 0:40:00]} 39. Rh5 {[%clk 0:13:56]} Ne4 {[%clk 0:40:00]} 40. Kd3 {[%clk
0:14:18]} Nf6 {[%clk 0:40:00]} 41. Rh3 {[%clk 0:14:25]} Rg7 {[%clk 0:40:00]} 42.
Nf5 {[%clk 0:14:07]} Rg5 {[%clk 0:40:00]} 43. Nd6+ {[%clk 0:14:16]} Kb8 {[%clk
0:40:00]} 44. Rh8+ {[%clk 0:14:33]} Ka7 {[%clk 0:40:00]} 45. Nc8+ {[%clk
0:14:23]} Ka6 {[%clk 0:41:00]} 46. Ne6 {[%clk 0:14:23]} 1-0

[Event "Campeonato España Sub 18"]
[Site "Salobreña"]
[Date "2017.07.31"]
[Round "2"]
[White "Rodriguez Izquierdo, Luis"]
[Black "Galiana Fernandez, Adrian"]
[Result "0-1"]
[Board "10"]
[WhiteClock "n/a"]
[WhiteElo "2088"]
[WhiteCountry "ESP"]
[WhiteFideId "32051603"]
[WhiteEloChange "-5"]
[BlackClock "n/a"]
[BlackElo "2274"]
[BlackCountry "ESP"]
[BlackFideId "32010150"]
[BlackEloChange "5"]

1. e4 {[%clk 1:30:30]} c5 {[%clk 1:30:30]} 2. Nf3 {[%clk 1:30:30]} e6 {[%clk
1:30:30]} 3. d4 {[%clk 1:30:30]} cxd4 {[%clk 1:30:30]} 4. Nxd4 {[%clk 1:30:30]}
Nf6 {[%clk 1:30:30]} 5. Nc3 {[%clk 1:30:30]} d6 {[%clk 1:30:30]} 6. g4 {[%clk
1:30:30]} h6 {[%clk 1:30:30]} 7. h3 {[%clk 1:30:30]} Be7 {[%clk 1:30:30]} 8. Bg2
{[%clk 1:30:30]} Nc6 {[%clk 1:30:30]} 9. Be3 {[%clk 1:30:30]} Na5 {[%clk
1:30:30]} 10. Qe2 {[%clk 1:30:30]} Bd7 {[%clk 1:30:30]} 11. Rd1 {[%clk 1:30:30]}
a6 {[%clk 1:30:30]} 12. a3 {[%clk 1:30:30]} Rc8 {[%clk 1:30:30]} 13. O-O {[%clk
1:30:30]} Nc4 {[%clk 1:30:30]} 14. Bc1 {[%clk 1:30:30]} Nxa3 {[%clk 1:30:30]} 15.
bxa3 {[%clk 1:30:30]} Rxc3 {[%clk 1:30:30]} 16. Bb2 {[%clk 1:30:30]} Rc8 {[%clk
1:30:30]} 17. Rfe1 {[%clk 1:30:30]} O-O {[%clk 1:30:30]} 18. Rd2 {[%clk 1:30:30]}
Qc7 {[%clk 1:30:30]} 19. Red1 {[%clk 1:30:30]} Rfd8 {[%clk 1:30:30]} 20. Kh1
{[%clk 1:30:30]} Ba4 {[%clk 1:30:30]} 21. f4 {[%clk 1:30:30]} Nd7 {[%clk
1:30:30]} 22. f5 {[%clk 1:30:30]} e5 {[%clk 1:30:30]} 23. Nf3 {[%clk 1:30:30]}
Nb6 {[%clk 1:30:30]} 24. Ba1 {[%clk 1:30:30]} Bb5 {[%clk 1:30:30]} 25. Qe1 {[%clk
1:30:30]} Nc4 {[%clk 1:30:30]} 26. Rd3 {[%clk 1:30:30]} Qa5 {[%clk 1:30:30]} 27.
Qg3 {[%clk 1:30:30]} Nxa3 {[%clk 1:30:30]} 28. h4 {[%clk 1:30:30]} Nxc2 {[%clk
1:30:30]} 29. g5 {[%clk 1:30:30]} hxg5 {[%clk 1:30:30]} 30. hxg5 {[%clk 1:30:30]}
Bxd3 {[%clk 1:30:30]} 31. Rxd3 {[%clk 1:30:30]} Qxa1+ {[%clk 1:30:30]} 32. Kh2
{[%clk 1:30:30]} Qc1 {[%clk 1:30:30]} 33. Nd2 {[%clk 1:30:30]} Qe1 {[%clk
1:30:30]} 34. Qh3 {[%clk 1:30:30]} 0-1

[Event "Campeonato España Sub 18"]
[Site "Salobreña"]
[Date "2017.07.31"]
[Round "2"]
[White "Esquivias Quintero, Luis Manuel"]
[Black "Ortega Lopez, Mikel"]
[Result "1-0"]
[Board "11"]
[WhiteClock "1:30"]
[WhiteElo "2069"]
[WhiteCountry "ESP"]
[WhiteFideId "32018215"]
[WhiteEloChange "15"]
[BlackClock "1:30"]
[BlackTitle "FM"]
[BlackElo "2259"]
[BlackCountry "ESP"]
[BlackFideId "22252878"]
[BlackEloChange "-15"]

1. e4 {[%clk 1:30:00]} c5 {[%clk 1:30:00]} 2. Nc3 {[%clk 1:31:00]} Nc6 {[%clk
1:30:00]} 3. Nf3 {[%clk 1:31:00]} g6 {[%clk 1:30:00]} 4. d4 {[%clk 1:31:00]} cxd4
{[%clk 1:30:00]} 5. Nxd4 {[%clk 1:32:00]} Bg7 {[%clk 1:30:00]} 6. Be3 {[%clk
1:32:00]} Nf6 {[%clk 1:30:00]} 7. Bc4 {[%clk 1:33:00]} O-O {[%clk 1:29:00]} 8.
Bb3 {[%clk 1:33:00]} Re8 {[%clk 1:29:00]} 9. f3 {[%clk 1:32:00]} e6 {[%clk
1:29:00]} 10. O-O {[%clk 1:32:00]} d5 {[%clk 1:29:00]} 11. exd5 {[%clk 1:32:00]}
Nxd5 {[%clk 1:29:00]} 12. Nxd5 {[%clk 1:31:00]} exd5 {[%clk 1:29:00]} 13. Nxc6
{[%clk 1:19:00]} bxc6 {[%clk 1:29:00]} 14. Bd4 {[%clk 1:19:00]} Bf8 {[%clk
1:16:00]} 15. Ba4 {[%clk 1:17:00]} Re6 {[%clk 1:01:00]} 16. Qd2 {[%clk 1:06:00]}
Qh4 {[%clk 0:48:00]} 17. Qf2 {[%clk 0:43:00]} Qe7 {[%clk 0:46:00]} 18. Rfe1
{[%clk 0:37:00]} c5 {[%clk 0:44:00]} 19. Be3 {[%clk 0:34:00]} Rb8 {[%clk
0:42:00]} 20. c3 {[%clk 0:31:00]} Qc7 {[%clk 0:39:00]} 21. Rad1 {[%clk 0:16:54]}
Qa5 {[%clk 0:36:00]} 22. Bf4 {[%clk 0:12:08]} Rbb6 {[%clk 0:31:00]} 23. Qc2
{[%clk 0:06:03]} Rxe1+ {[%clk 0:22:00]} 24. Rxe1 {[%clk 0:06:28]} Bf5 {[%clk
0:23:00]} 25. Qd1 {[%clk 0:05:09]} Rxb2 {[%clk 0:20:00]} 26. Re8 {[%clk 0:05:07]}
c4 {[%clk 0:17:50]} 27. Bh6 {[%clk 0:03:22]} Qc5+ {[%clk 0:18:19]} 28. Qd4 {[%clk
0:02:58]} Rb1+ {[%clk 0:18:00]} 29. Kf2 {[%clk 0:02:48]} Rb2+ {[%clk 0:18:26]}
30. Ke3 {[%clk 0:01:31]} Qe7+ {[%clk 0:15:58]} 31. Rxe7 {[%clk 0:01:55]} Bxh6+
{[%clk 0:16:23]} 32. f4 {[%clk 0:02:22]} Bg4 {[%clk 0:16:58]} 33. Re8+ {[%clk
0:01:18]} Bf8 {[%clk 0:17:27]} 34. Bd1 {[%clk 0:01:18]} 1-0